The Right Word At The Right Time - A Guide To The English Language And How To Use It / (Record no. 593010)

000 -LEADER
fixed length control field 00407nam a22001337a 4500
003 - CONTROL NUMBER IDENTIFIER
control field NUST
005 - DATE AND TIME OF LATEST TRANSACTION
control field 20230126093225.0
008 - FIXED-LENGTH DATA ELEMENTS--GENERAL INFORMATION
fixed length control field 230126b ||||| |||| 00| 0 eng d
082 ## - DEWEY DECIMAL CLASSIFICATION NUMBER
Classification number 428,RIG
245 ## - TITLE STATEMENT
Title The Right Word At The Right Time - A Guide To The English Language And How To Use It /
Statement of responsibility, etc. Reader's Digest
260 ## - PUBLICATION, DISTRIBUTION, ETC.
Place of publication, distribution, etc. New York
Name of publisher, distributor, etc. Reader's Digest
Date of publication, distribution, etc. 1987
300 ## - PHYSICAL DESCRIPTION
Extent 688p.
942 ## - ADDED ENTRY ELEMENTS (KOHA)
Source of classification or shelving scheme
Koha item type Book
Call number prefix 428,RIG
Holdings
Withdrawn status Lost status Source of classification or shelving scheme Damaged status Not for loan Permanent Location Current Location Shelving location Date acquired Total Checkouts Full call number Barcode Date last seen Price effective from Koha item type Public note
          Military College of Signals (MCS) Military College of Signals (MCS) General Stacks 01/26/2023   428,RIG MCS37937 01/26/2023 01/26/2023 Book Almirah No. 54, Shelf No. 6
© 2023 Central Library, National University of Sciences and Technology. All Rights Reserved.